Biblioteca

Pastores que abusan (Registro nro. 71365)

Detalles MARC
000 -LÍDER
Campo fijo de descripción fija 02330nam a2200361 i 4500
001 - NÚMERO DE CONTROL
Campo de control 768714001
003 - IDENTIFICADOR DEL NÚMERO DE CONTROL
Campo de control CO-MdFUSB
005 - FECHA Y HORA DE LA ULTIMA TRANSACCIÓN
control field 20260325163237.0
007 - CAMPO FIJO DE DESCRIPCIÓN FIJA--INFORMACIÓN GENERAL
Campo fijo de descripción fija ta
008 - ELEMENTOS DE LONGITUD FIJA -- INFORMACIÓN GENERAL
Campo fijo de descripción fija -- Información general t2002 -us||||g |||| 00| 0 spa d
020 ## - NÚMERO INTERNACIONAL NORMALIZADO PARA LIBROS
Número Internacional Normalizado del libro 0-7899-1060-8
040 ## - FUENTE DE CATALOGACIÓN
Agencia de catalogación original CO-MdFUSB
Idioma de catalogación spa
Agencia que realiza la transcripción CO-MdFUSB
Agencia que realiza la modificación CO-MdFUSBC
Convenciones de la descripción rda
041 ## - CÓDIGO DE IDIOMA
Código de idioma para texto/pista de sonido o título separado spa
082 ## - NÚMERO DE CLASIFICACIÓN DECIMAL DEWEY
Número de la edición del Dewey 23
Número de clasificación 261.8
Clave de autor-Numero de item ER66
100 ## - ASIENTO PRINCIPAL--NOMBRE PERSONAL
Nombre personal Erdely, Jorge,
Término relacionador autor
245 00 - TÍTULO
Título del Material Pastores que abusan
Mención de responsabilidad, etc. / Jorge Erdely
264 #1 - PRODUCCIÓN, PUBLICACIÓN, DISTRIBUCIÓN, MANUFACTURA, Y COPYRIGHT
Lugar de producción, publicación, distribución, manufactura Miami, Florida :
Nombre del productor, publicador, distribuidor Unilit,
Fecha de producción, publicación, distribución, manufactura, o copyright [2002]
264 #4 - PRODUCCIÓN, PUBLICACIÓN, DISTRIBUCIÓN, MANUFACTURA, Y COPYRIGHT
Fecha de producción, publicación, distribución, manufactura, o copyright ©2002
300 ## - DESCRIPCIÓN FÍSICA
Extensión 247 páginas
Dimensiones ; 20 cm
336 ## - TIPO DE CONTENIDO
Fuente rdacontent
Término de tipo de contenido texto
Código de tipo de contenido txt
337 ## - TIPO DE MEDIO
Fuente rdamedia
Nombre del tipo de medio sin mediación
Código del tipo de medio n
338 ## - TIPO DE SOPORTE
Fuente rdacarrier
Nombre del tipo de soporte volumen
Código Tipo de soporte nc
504 ## - NOTA DE BIBLIOGRAFÍA, ETC.
Nota de bibliografía, etc Incluye índice general ; prefacio del autor a la segunda edición ; apéndice ; ayuda para víctimas en casos de abusos ; bibliografía selecta.
505 ## - NOTA DE CONTENIDO
Información miscelánea Parte I.
Título Las víctimas hablan por sí mismas:
Nota de contenido con formato preestablecido Sacerdotes y abuso infantil: Traicionando a los más vulnerables. -- Iglesias en la encrucijada: ¿Qué tan grande es el problema? -- Estructuras perversas: El ídolo de la institución. -- Los líderes autoritarios y el dinero. -- María Luisa: Crónica de una infamia. -- Corrupción e impunidad: El círculo de la complicidad. -- Persecución, difamación e intimidación: Un arma clásica para controlar. -- Explotando la relación pastoral: Cuando los ministros adulteran. -- Incesto Espiritual: El crimen del reverendo Jackson. -- Los pastores autoritarios pueden programar a la gente. -- Sexo y manipulación sectaria: David Koresh y otros más. -- Autoritarismo y totalitarismo: Un signo clásico de las sectas. -- ¿A quién le puede pasar?
Información miscelánea Parte II.
Título Cómo reconocer a los pastores abusivos:
Nota de contenido con formato preestablecido Métodos de manipulación y doctrinas autoritarias. -- Los límites de la autoridad pastoral. -- Lo que siempre creyó la iglesia cristiana en cuanto a la autoridad. -- Desenmascarando las doctrinas autoritarias. -- Los líderes manipuladores dañan a la gente: ¿Qué debemos hacer?
563 ## - NOTA DE ENCUADERNACIÓN
Nota de encuadernación Rústico
653 ## - TÉRMINO DE INDIZACIÓN - NO CONTROLADO
Término no controlado Abuso infantil — Aspectos religiosos
653 ## - TÉRMINO DE INDIZACIÓN - NO CONTROLADO
Término no controlado Abuso sexual — Instituciones religiosas
653 ## - TÉRMINO DE INDIZACIÓN - NO CONTROLADO
Término no controlado Clero — Conducta moral
653 ## - TÉRMINO DE INDIZACIÓN - NO CONTROLADO
Término no controlado Autoridad religiosa — Abuso de poder
653 ## - TÉRMINO DE INDIZACIÓN - NO CONTROLADO
Término no controlado Iglesias — Problemas sociales
942 ## - TIPO DE MATERIAL (KOHA)
Tipo de Item KOHA Libros General
945 ## - INFORMACIÓN LOCAL DEL REGISTRO
Catalogador Catherine Arias Alvarez
Existencias
Estado de Material Estado de Perdido Forma de Clasificación Estado de Dañado No para Préstamo Colección Biblioteca de Origen Biblioteca Permanente Fecha de Adquisición Área Total de Préstamos Signatura Topográfica Código de Barras Última vez visto Ejemplar/Existencia Fecha de Remplazo Tipo de Material
    Dewey Decimal Classification     Colección General Biblioteca FUSBC Biblioteca FUSBC 05/07/2025 SOCIOLOGIA   G 261.8 ER66p 25756 05/07/2025 Ej. 1 05/07/2025 Libros General

Biblioteca FUSBC | Teléfono: (57+4) 349 88 10 Ext. 141| WhatsApp (+57) 3005338115 
E-mail: biblioteca@unisbc.edu.co | Calle 76 87-14 Robledo Palenque, Medellín, Colombia

Con tecnología Koha